|
|
|
|
| LEADER |
00000nam a2200000 a 4500 |
| 001 |
vtls008323524 |
| 003 |
SK-MaSNL |
| 005 |
20260302074321.0 |
| 008 |
230403s1961 xo slo |
| 015 |
|
|
|a SNBA1961/09-01721
|
| 035 |
|
|
|a SK01SNK19610015741
|
| 035 |
|
|
|a urn:nbn:sk:snk-amlq7f
|
| 035 |
|
|
|a urn:nbn:sk:snk-am00c1d6
|
| 035 |
|
|
|a 163BB53C-919B-44F2-AD62-C84DA7EBC25D
|
| 035 |
|
|
|a SKM000018204
|
| 040 |
|
|
|a SNK
|b slo
|c SNK
|e AACR2
|
| 041 |
0 |
|
|a slo
|
| 044 |
|
|
|a xo
|c SK
|
| 080 |
|
|
|a 338.45
|2 1981
|
| 100 |
1 |
|
|a Nemec, Milan
|4 aut
|9 281261
|
| 245 |
1 |
0 |
|a Komplexné rozbory hospodárskej činnosti priemyselného podniku
|c Milan Nemec, Štefan Čachan
|
| 260 |
|
|
|a Bratislava
|b Práca
|c 1961
|e Bratislava
|f Polygrafické závody 02
|
| 300 |
|
|
|a 110, [2] s.
|c 8°
|
| 366 |
|
|
|e 6000 výtl.
|
| 490 |
1 |
|
|a Malá knižnica ekonomiky
|v vz. 1/61
|
| 500 |
|
|
|a Ilustr. Použit. lit. odkazy na lit. Tb.
|
| 650 |
0 |
7 |
|a priemyselné podniky
|2 SNKPH
|9 2346
|
| 650 |
0 |
7 |
|a hospodárska činnosť
|2 SNKPH
|9 354441
|
| 655 |
|
7 |
|a monografie
|2 SNKPH
|9 70139
|
| 700 |
1 |
|
|a Čachan, Štefan
|4 aut
|9 739813
|
| 830 |
|
0 |
|a Malá knižnica ekonomiky
|9 344528
|
| 852 |
|
|
|a Slovenská národná knižnica
|
| 954 |
|
|
|a odborná, vedecká literatúra pôvodná (slovenská)
|2 lita
|
| 958 |
|
|
|a OND
|
| 958 |
|
|
|a EUIPO
|
| 958 |
|
|
|a RK
|
| 999 |
|
|
|c 1164569
|d 1166499
|
| 952 |
|
|
|a SNK
|b SNK
|y PREZ
|7 0
|p 17A0708888
|o snkSD 20634
|i snkKSP 4793/61
|0 0
|1 0
|4 0
|d 2011-08-24
|f 1
|l 0
|r 2025-12-04 00:00:00
|w 2026-02-24
|